000 00368nam a2200133Ia 4500
008 220217s9999||||xx |||||||||||||| ||und||
020 _a978-0-07-059369-5
082 _a005.13 GOT
100 _aGottfried, Byron, S
245 0 _aProgramming with C
260 _aTata mcgraw hill company Ltd
_bNew Delhi
_c2006
300 _b375
650 _aPROGRAMMING LANGUAGE
999 _c177215
_d177215